Retaining-walls for earth. Including the theory of earth-pressure as developed from the ellipse of stress (Registro nro. 22163)
[ vista simple ]
| 000 -Cabecera | |
|---|---|
| Campo de control interno | 00557nam a22002057a 4500 |
| 005 - Fecha y hora del registro | |
| control field | 20260331113230.0 |
| 008 - Elementos de Longitud Fija | |
| fixed length control field | 260331b |||||||| |||| 00| 0 spa d |
| 041 ## - Idioma | |
| Codigo Idioma | Inglés |
| 082 ## - DEWEY y NOTACIÓN INTERNA | |
| Dewey | 624.164 |
| Notación Interna | H79 |
| 100 ## - AUTOR | |
| Autor denominación | Howe, Malverd A. |
| Término de relación | autor |
| 245 ## - TÍTULO DE MATERIAL BIBLIOGRÁFICO | |
| Título | Retaining-walls for earth. Including the theory of earth-pressure as developed from the ellipse of stress |
| 260 ## - CIUDAD, EDITORIAL, AÑO | |
| Ciudad | : |
| Nombre de la Editorial | , |
| Año | 1907 |
| 300 ## - DESCRIPCIÓN | |
| N° Páginas | xii, 167 páginas : |
| Otros detalles | ; |
| Dimensiones | 20 cm. |
| 440 ## - MENCIÓN DE SERIE | |
| Título de la Serie | ; |
| 650 ## - TEMAS | |
| Temas | Matemáticas |
| 654 ## - PROGRAMAS | |
| Programa | Dpto. de Humanidades |
| 700 ## - OTROS AUTORES | |
| Otros autores | ; |
| 942 ## - ELEMENTOS DE KOHA | |
| Tipo de documento | Libro |
| Nombre del creador | Justo Noguera |
| Código de catalogador | Justo Noguera |
| Suppress in OPAC | No |
| Esquema de clasificación | Dewey Decimal Classification |
| Codigo completo | Registro | Colección | Copia número | Disponibilidad | Tipo de préstamo | Biblioteca Actual | Procedencia (Biblioteca) | Ubicacón | Fecha Ingreso | Tipo de Adquisición | Date last seen | Total checkouts | Price effective from | Tipo de Item | Estado del Material | Fuente de Clasificación | Damaged status | Withdrawn status |
|---|---|---|---|---|---|---|---|---|---|---|---|---|---|---|---|---|---|---|
| 624.164 H79 | 1081285 | Universidad Católica San Pablo | 1 | No disponible | Disponible | Víctor Andrés Belaunde | Víctor Andrés Belaunde | Planta baja cerrada | 31/03/2026 | Donación | 31/03/2026 | 31/03/2026 | Libro | Bueno | Dewey Decimal Classification |




